| 000 | 01010cam a22003137a 4500 | ||
|---|---|---|---|
| 003 | CHAP | ||
| 005 | 20220329140301.0 | ||
| 008 | 971013s1961 r 00010 d | ||
| 010 | _a49755 | ||
| 011 | _a50727 | ||
| 035 | _a54877 | ||
| 040 | _cCHAP | ||
| 082 |
_a307 _bR62Y |
||
| 100 | 0 | 0 |
_aRobson, William A. _998151 |
| 245 | 1 | 3 | _aLa enseñanza universitaria de las ciencias sociales ; ciencia política |
| 260 |
_aWashington : _bUnión Panamericana, _c1961 |
||
| 300 | _a216 p. | ||
| 490 | 0 |
_aEstudios y monografías _v; 2 |
|
| 590 |
_aBATCH-UPD _b10 _c20130110 _lUCH01 _h1205 |
||
| 590 |
_aBATCH-UPD _b10 _c20130410 _lUCH01 _h0746 |
||
| 590 |
_aBATCH-UPD _b10 _c20130914 _lUCH01 _h0937 |
||
| 590 |
_aCONVERSION _b10 _c20130109 _lUCH01 _h1327 |
||
| 650 | 1 | 4 |
_aCiencias políticas. _923206 |
| 650 | 1 | 4 |
_aCiencias sociales _xEstudio y enseñanza. _923222 |
| 830 | 0 |
_aEstudios y monografías _v; 2 _938567 |
|
| 901 | _aBK | ||
| 942 | _cLIBRO | ||
| 949 |
_a307 R62Y _bBC _cLIBRO _d33724000290946 _eLIBRO _h10 _i54877 _si |
||
| 999 |
_c49755 _d49755 |
||